Logo Biblioteca

Manual de las mujeres : (Registro nro. 1047)

Detalles MARC
000 -LEADER
fixed length control field 01296aam a2200241 a 4500
003 - CONTROL NUMBER IDENTIFIER
control field AR-RoUNCS
005 - DATE AND TIME OF LATEST TRANSACTION
control field 20260610170003.0
007 - PHYSICAL DESCRIPTION FIXED FIELD--GENERAL INFORMATION
fixed length control field ta
008 - FIXED-LENGTH DATA ELEMENTS--GENERAL INFORMATION
fixed length control field 100325s2007 ag a |r f00| 0 spa d
015 ## - NATIONAL BIBLIOGRAPHY NUMBER
National bibliography number AR-2007
020 ## - INTERNATIONAL STANDARD BOOK NUMBER
International Standard Book Number 9789879161401
040 ## - CATALOGING SOURCE
Original cataloging agency AR-BaBN
Language of cataloging spa
Transcribing agency AR-RoUNCS
041 ## - LANGUAGE CODE
Language code of text/sound track or separate title spa
245 10 - TITLE STATEMENT
Title Manual de las mujeres :
Remainder of title guía de derechos, salud reproductiva, familia y trabajo destinada a adolescentes y mujeres adultas.
260 ## - PUBLICATION, DISTRIBUTION, ETC.
Place of publication, distribution, etc. [Buenos Aires] :
Name of publisher, distributor, etc. Secretaría de Cultura de la Presidencia de la Nación,
Date of publication, distribution, etc. i2007.
300 ## - PHYSICAL DESCRIPTION
Extent 112 p. :
Other physical details il. ;
Dimensions 23 cm.
500 ## - GENERAL NOTE
General note La obra se edita en el marco del Programa Libros y Casas presentado por la Secretaría de Cultura de la Presidencia de la Nación.
505 ## - FORMATTED CONTENTS NOTE
Formatted contents note 1. Las mujeres y sus derechos -- 2. Derecho a la salud sexual y reproductiva -- 3. La prevención de las enfermedades de transmisión sexual y el VIH-sida -- 4. El embarazo, una responsabilidad compartida -- 5. Derechos civiles: información sobre pareja, matrimonio, hijos y divorcio -- 6. Por una vida cotidiana sin violencia contra las mujeres -- 7. Derechos laborales y políticos.-
650 #7 - SUBJECT ADDED ENTRY--TOPICAL TERM
Topical term or geographic name entry element Mujeres
Source of heading or term embne
Form subdivision Derechos
Geographic subdivision Argentina
650 #7 - SUBJECT ADDED ENTRY--TOPICAL TERM
Topical term or geographic name entry element Educación sexual
Source of heading or term embne
710 2# - ADDED ENTRY--CORPORATE NAME
Corporate name or jurisdiction name as entry element Consejo Nacional de la Mujer (Argentina)
942 ## - ADDED ENTRY ELEMENTS (KOHA)
Source of classification or shelving scheme Universal Decimal Classification
Koha item type Obra General
Suppress in OPAC No
Existencias
Withdrawn status Lost status Source of classification or shelving scheme Damaged status Not for loan Collection Home library Current library Date acquired Source of acquisition Total checkouts Full call number Barcode Date last seen Price effective from Koha item type
    Universal Decimal Classification     Colección General Biblioteca Escuela de Ciencias Sociales Biblioteca Escuela de Ciencias Sociales 10/06/2026 Donación 2023   342.7-055.2(82) M294 000565 10/06/2026 10/06/2026 Obra General
Biblioteca de la Escuela Preuniversitaria en Ciencias Sociales y Humanísticas.
Riobamba 250 bis.
CP 2000 - Rosario - Santa Fe
E-Mail: biblioteca@esociales.unr.edu.ar